| 000 | 01148cam a2200325 a 4500 | ||
|---|---|---|---|
| 001 | 16204439 | ||
| 005 | 20170105102917.0 | ||
| 008 | 100427s2010 ii b 001 0beng | ||
| 010 | _a 2010319826 | ||
| 020 | _a9780415483209 | ||
| 025 | _aI-E-2010-319826; 61-09 | ||
| 037 | _bLibrary of Congress -- New Delhi Overseas Office | ||
| 040 |
_aDLC _cDLC _dDLC |
||
| 042 |
_alcode _apcc |
||
| 043 |
_aa-pk--- _aa-ii--- |
||
| 050 | 0 | 0 |
_aDS385.J5 _bN33 2010 |
| 100 | 1 |
_aNanda, B. R. _q(Bal Ram), _d1917-2010. |
|
| 245 | 1 | 0 |
_aRoad to Pakistan : _bthe life and times of Mohammad Ali Jinnah / _cB.R. Nanda. |
| 260 |
_aNew Delhi : _bRoutledge, _c2010. |
||
| 300 |
_avi, 373 p. ; _c22 cm. |
||
| 504 | _aIncludes bibliographical references ( p. [351]-360) and index. | ||
| 600 | 1 | 0 |
_aJinnah, Mahomed Ali, _d1876-1948. |
| 650 | 0 |
_aStatesmen _zPakistan _vBiography. |
|
| 650 | 0 | _aPakistan movement. | |
| 651 | 0 |
_aIndia _xPolitics and government _y1919-1947. |
|
| 651 | 0 |
_aIndia _xHistory _yPartition, 1947. |
|
| 906 |
_a7 _bcbc _corigode _d3 _encip _f20 _gy-gencatlg |
||
| 942 |
_2ddc _cBK |
||
| 999 |
_c15406 _d15406 |
||